Bilecik Bilecik Bilecik Bilecik Bilecik

Kurtuluş savaşı günlüğü : (Record no. 5568)

MARC details
000 -BAŞLIK
Sabit Uzunluktaki Kontrol Alanı 01493nam a22003497a 4500
001 - KONTROL NUMARASI
Control Dosyası 0005587
003 - KONTROL NUMARASI KİMLİĞİ
Kontrol Alanı KOHA_MİRAKIL
005 - EN SON İŞLEM TARİHİ ve ZAMANI
Kontrol Alanı 20260207001450.0
007 - FİZİKSEL TANIM SABİT ALAN - GENEL BİLGİ
Sabit uzunluklu kontrol alanı ta
008 - SABİT UZUNLUKTAKİ VERİ ÖGELERİ - GENEL BİLGİ
Sabit Alan 090617b1996 tu |||gr||||#0|||0|tur |
020 ## - ISBN - ULUSLARARASI STANDART KİTAP NUMARASI
Isbn 9751605172
Nitelik bilgileri (tk) 9751608171
Kullanılabilirlik koşulları 0,01
040 ## - KATALOGLAMA KAYNAĞI
Özgün Kataloglama Kurumu TR-BiSEU
Kataloglama Dili tur
Çeviri Kurumu TR-BiSEU
Açıklama Kuralları rda
041 0# - DİL KODU
Metin ya da ses kaydının dil kodu tur
044 ## - YAYINLAYAN/ÜRETEN KURULUŞUN ÜLKE KODU
ISO country code tu
050 ## - SINIFLAMA ve YER NUMARASI
Sınıflama Numarası DR589
Yer Numarası .S27 1996
100 1# - KİŞİ ADI
Yazar Adı (Kişi adı) Sarıhan, Zeki.
245 1# - ESER ADI BİLDİRİMİ
Başlık Kurtuluş savaşı günlüğü :
Alt Eseradı vb. (açıklamalı kronoloji) :
-- Sakarya savaşından Lozan'ın açılışına (23 Ağustos 1921 - 20 Kasım 1922)/
Sorumluluk Bildirimi Zeki Sarıhan ; Zeki Sarıhan.
264 #1 - ÜRERİM, YAYIN, DAĞITIM ve TELİF BİLDİRİMİ
Yayın yeri Ankara :
Yayınlayan Atatürk Kültür Dil ve Tarih Yüksek Kurumu Türk Tarih Kurumu
Yayın tarihi 1996
300 ## - FİZİKSEL TANIMLAMA
Sayfa, Cilt vb. 4 c.; 24 cm.
336 ## - İÇERİK TÜRÜ
Content type term metin
Content type code txt
Source rdacontent
337 ## - MEDYA TÜRÜ
Media type term aracısız
Media type code n
Source rdamedia
338 ## - TAŞIYICI TÜRÜ
Carrier type term cilt
Carrier type code nc
Source rdacarrier
490 1# - DİZİ BİLDİRİMİ
Dizi Bildirimi Atatürk Kültür Dil ve Tarih Yüksek Kurumu Türk Tarih Kurumu Yayınları ;
Cilt Numarası XVI.
490 1# - DİZİ BİLDİRİMİ
Dizi Bildirimi Sa.
490 1# - DİZİ BİLDİRİMİ
Dizi Bildirimi 71c
500 ## - GENEL NOT
Genel Not c.1 Mondros'tan Erzurum Kongresi'ne(30 Ekim 1918-22 Temmuz 1919). --c.2 Erzurum Kongresi'den TBMM'ye(23 Temmuz 1919-22 Nisan 1920). -- c.3 TBMM'den Sakarya Savaşına (23 Nisan 1920-22 Ağustos 1921). -- c.4 Sakarya Savaşından Lozan'ın Açılışına (23 Ağustos 1921-20 Kasım 1922).
830 1# - SERİ EK GİRİŞİ - TEKBİÇİM ESER ADI
Tekbiçim Başlık Atatürk Kültür Dil ve Tarih Yüksek Kurumu Türk Tarih Kurumu Yayınları ;
Volume number/sequential designation XVI.
9 (RLIN) 13488
830 1# - SERİ EK GİRİŞİ - TEKBİÇİM ESER ADI
Tekbiçim Başlık Sa.
9 (RLIN) 13491
830 1# - SERİ EK GİRİŞİ - TEKBİÇİM ESER ADI
Tekbiçim Başlık 71c
9 (RLIN) 13492
907 ## - LOCAL DATA ELEMENT G, LDG (RLIN)
a Tarih
942 ## - EK GİRİŞ ÖGELERİ (KOHA)
Source of classification or shelving scheme Library of Congress Classification
Koha item type Book
Holdings
Materyal Türü Kalıcı Konum Mevcut Konum Raf Yeri Sınıflandırma Kaynağı Edinim Bilgisi Ana Konular Alt Konular Yer Numarası Cilt Bilgisi Demirbaş Numarası Fatura Tarihi Geri Çekilme Durumu Kayıp Durumu Hasarlı Durumu Kredi için değil Kayıt Tarih Toplam Ödünçverme Son Görülme Tarihi Son Kontrol Tarihi Genel / Bağış Notu
Book Prof. Dr. Azmi Özcan Kütüphanesi Prof. Dr. Azmi Özcan Kütüphanesi Uluğbey Salonu Library of Congress Classification Bağış DÜNYA TARİHİ (AVRUPA, ASYA, AFRİKA VB.) Balkan Yarımadası DR589 .S27 1996 c.4 0005587 13/08/2010         17/06/2009 1 05/12/2024 05/12/2024 İİBF